Normal view
MARC view
- Dowsett, Harry Melville
Entry Personal Name
001 - CONTROL NUMBER
- control field: 105216
003 - CONTROL NUMBER IDENTIFIER
- control field: NUST
005 - DATE AND TIME OF LATEST TRANSACTION
- control field: 20221219133724.0
008 - FIXED-LENGTH DATA ELEMENTS
- fixed length control field: 221219|| aca||aabn | a|a d
040 ## - CATALOGING SOURCE
- Original cataloging agency: NUST
- Transcribing agency: NUST
100 ## - HEADING--PERSONAL NAME
- Personal name: Dowsett, Harry Melville
670 ## - SOURCE DATA FOUND
- Source citation: Work cat.: (NUST)182976: Dowsett, Harry Melville, Technical instruction for marine radio officers /, 1950
